000 00616cam a22002171 4500
001 he 68001850
003 DLC
005 20260227111459.0
008 841212s1968 is 000 0 heb
010 _ahe 68001850
035 _a(OCoLC)19178061
040 _aDLC
_cMH
_dDLC
042 _apremarc
050 0 0 _aPJ5054.S4635
_bB3
100 1 _aSurer, ʻEran.
245 1 0 _aBa-ḥazarah min ha-sheḥaḳim /
_c[tsiyurim Meʼir Mozes]
260 _aRamat Gan :
_bMasadah
_c[1968]
300 _a173 p. :
_bill. ;
_c23 cm.
500 _aAdded t.p.: Back from the skies, by Eran Shorer
752 _aIsrael
_dRamat Gan
999 _c33418
_d33418